| 000 | 00384nam a2200145Ia 4500 | ||
|---|---|---|---|
| 005 | 20260430133755.0 | ||
| 008 | 260429s9999||||xx |||||||||||||| ||und|| | ||
| 020 | _a9788190453011 | ||
| 082 |
_a338.04 _bBAN |
||
| 100 | _aBansal, Rashmi | ||
| 245 | 0 |
_aStay hungry stay foolish / _cRashmi Bansal |
|
| 260 |
_aAhmedabad : _bIIM Ahmedabad, _c2008. |
||
| 300 | _a330 p.; pbk | ||
| 942 | _cTB | ||
| 999 |
_c53936 _d53936 |
||